<?xml version="1.0" encoding="UTF-8"?>
<collection xmlns="http://www.loc.gov/MARC21/slim">
 <record>
  <leader>05402nam a2200313 a 4500</leader>
  <controlfield tag="001">kal1296</controlfield>
  <controlfield tag="003">Gr-AtHEAL</controlfield>
  <controlfield tag="005">20160422094517.0</controlfield>
  <controlfield tag="006">m        d        </controlfield>
  <controlfield tag="008">160413s2015    gr      s           gre|c</controlfield>
  <datafield tag="020" ind1=" " ind2=" ">
   <subfield code="a">9789606032752</subfield>
  </datafield>
  <datafield tag="040" ind1=" " ind2=" ">
   <subfield code="a">GR-AtHEAL</subfield>
   <subfield code="b">gre</subfield>
   <subfield code="c">GR-AtHEAL</subfield>
  </datafield>
  <datafield tag="082" ind1="0" ind2="4">
   <subfield code="a">519.5</subfield>
   <subfield code="2">23</subfield>
  </datafield>
  <datafield tag="100" ind1="1" ind2=" ">
   <subfield code="a">Παπαγεωργίου, Ιουλία.</subfield>
   <subfield code="8">883</subfield>
  </datafield>
  <datafield tag="245" ind1="1" ind2="0">
   <subfield code="a">Θεωρία δειγματοληψίας</subfield>
   <subfield code="h">[Ηλεκτρονικός πόρος] </subfield>
   <subfield code="c">Παπαγεωργίου, Ιουλία ; Κριτικός αναγνώστης,Καρακώστας, Κωνσταντίνος ; Τεχνική επιμέλεια,Μουρίκης, Χρήστος.</subfield>
  </datafield>
  <datafield tag="260" ind1=" " ind2=" ">
   <subfield code="a">Αθήνα :</subfield>
   <subfield code="b">Σύνδεσμος Ελληνικών Ακαδημαϊκών Βιβλιοθηκών,</subfield>
   <subfield code="c">c2015.</subfield>
  </datafield>
  <datafield tag="490" ind1=" " ind2=" ">
   <subfield code="a">Ακαδημαϊκά Ηλεκτρονικά Συγγράμματα και Βοηθήματα Κάλλιπος</subfield>
   <subfield code="8">40</subfield>
  </datafield>
  <datafield tag="520" ind1=" " ind2=" ">
   <subfield code="a">Το βιβλιο αποτελεί ένα εκπαιδευτικό σύγγραμμα στον χώρο της Δειγματοληψίας. Αποτελεί ένα εισαγωγικό βιβλίο που αναπτύσσει τη Θεωρία Δειγματοληψίας. Ειδικότερα, αναπτύσσει τις Τεχνικές Δειγματοληψίας που εφαρμόζονται κατά τη διάρκεια μιας δειγματοληπτικής έρευνας με στόχο τη συλλογή ενός στατιστικού δείγματος. Αρχικά μελετώνται μία προς μία όλες οι γνωστές από την Θεωρία Δειγματοληψίας τεχνικες όπως η απλή τυχαία, η στρωματοποιημένη, η συστηματική, η κατά ομάδες δειγματοληψία και η δειγματοληψία σε πολλα στάδια. Οι κύριοι άξονες ανάπτυξης είναι ο τρόπος υλοποίησης της καθε τεχνικής δειγματοληψίας και η στατιστική συμπερασματολογία, δηλ. η εξαγωγή και επέκταση στον πληθυσμό αποτελεσμάτων που βασίζονται στο υποσύνολο των μετρήσεων του δείγματος. Η στατιστική συμπερασματολογία συμπεριλαμβάνει την εύρεση εκτιμητών για τις σημαντικότερες παραμέτρους του πληθυσμού, τον υπολογισμό tτων στατιστικών σφαλμάτων και την κατασκευή διαστημάτων εμπιστοσύνης. Την μία προς μία μελέτη των βασικότερων τεχνικών δειγματοληψίας ακολουθεί η σύγκριση μεταξύ τους κυρίως ως την ακρίβεια των αποτελεσματων. Ο συνδυασμός επίσης περισσότερων του ενός δειγματοληπτικών σχημάτων μελετάται στα πλαίσια της δειγματοληψίας σε πολλά στάδια. Τέλος μελετώνται θέματα ή προβλήματα που προκύπτουν κατά τη διάρκεια της υλοποίησης μιας δειγματοληπτικής έρευνας κι επηρρεάζουν την ακρίβεια των αποτελεσμάτων της, όπως ο καθορισμός του απαιτούμενου μεγέθους δείγματος και τα σφάλματα λόγω μη-απόκρυψης.Για την κάθε μέθοδο δειγματοληψίας που μελετάται ανά κεφάλαιο συμπεριλαμβάνονται οι οδηγίες για την υλοποίησή τους με το στατιστικό πακέτο R. Παρέχονται επίσης οι εντολές σε γλώσσα R για την επιλογή του δείγματος και την ανάλυση των δεδομένων. Για την καλύτερη κατανόηση θα παρέχονται παραδείγματα με αριθμητικά δεδομένα. Τα δεδομενα καθώς και οι οδηγίες για τα προγράμματα θα προστεθούν είτε σ' ενα παράρτημα στο τέλος του βιβλίου είτε σ'εναν ηλεκτρονικό σύνδεσμο, author's web site.</subfield>
  </datafield>
  <datafield tag="650" ind1=" " ind2="0">
   <subfield code="a">Sampling (Statistics) </subfield>
   <subfield code="8">2217</subfield>
  </datafield>
  <datafield tag="653" ind1=" " ind2=" ">
   <subfield code="a">Στατιστική συμπερασματολογία</subfield>
  </datafield>
  <datafield tag="653" ind1=" " ind2=" ">
   <subfield code="a">Πεπερασμένος πληθυσμός</subfield>
  </datafield>
  <datafield tag="653" ind1=" " ind2=" ">
   <subfield code="a">Δειγματοληψία</subfield>
  </datafield>
  <datafield tag="653" ind1=" " ind2=" ">
   <subfield code="a">Μαθηματικά</subfield>
   <subfield code="a">Στατιστική</subfield>
   <subfield code="a">Θεωρία δειγματοληψίας</subfield>
  </datafield>
  <datafield tag="700" ind1="1" ind2=" ">
   <subfield code="a">Καρακώστας, Κωνσταντίνος</subfield>
   <subfield code="e">Κριτικός αναγνώστης</subfield>
   <subfield code="8">884</subfield>
  </datafield>
  <datafield tag="856" ind1="4" ind2="0">
   <subfield code="u">http://hdl.handle.net/11419/1296</subfield>
   <subfield code="z">Πλήρες Κείμενο - Full text</subfield>
  </datafield>
  <datafield tag="907" ind1=" " ind2=" ">
   <subfield code="a">.b25679260</subfield>
   <subfield code="b">12-06-18</subfield>
   <subfield code="c">29-07-16</subfield>
  </datafield>
  <datafield tag="949" ind1=" " ind2=" ">
   <subfield code="0">0</subfield>
   <subfield code="1">0</subfield>
   <subfield code="2">ddc</subfield>
   <subfield code="4">0</subfield>
   <subfield code="6">519_500000000000000_ΠΑΠ</subfield>
   <subfield code="7">0</subfield>
   <subfield code="8">KALL</subfield>
   <subfield code="8">685</subfield>
   <subfield code="d">2016-04-13</subfield>
   <subfield code="r">2016-04-13</subfield>
   <subfield code="w">2016-04-13</subfield>
   <subfield code="z">519.5 ΠΑΠ</subfield>
   <subfield code="o">SEAB KALLIPOS</subfield>
  </datafield>
  <datafield tag="998" ind1=" " ind2=" ">
   <subfield code="a">80</subfield>
   <subfield code="a">01</subfield>
   <subfield code="a">02</subfield>
   <subfield code="a">03</subfield>
   <subfield code="a">04</subfield>
   <subfield code="a">05</subfield>
   <subfield code="a">06</subfield>
   <subfield code="a">07</subfield>
   <subfield code="a">08</subfield>
   <subfield code="a">09</subfield>
   <subfield code="a">10</subfield>
   <subfield code="a">11</subfield>
   <subfield code="a">12</subfield>
   <subfield code="a">13</subfield>
   <subfield code="a">14</subfield>
   <subfield code="a">15</subfield>
   <subfield code="a">16</subfield>
   <subfield code="a">17</subfield>
   <subfield code="a">18</subfield>
   <subfield code="a">19</subfield>
   <subfield code="a">20</subfield>
   <subfield code="a">21</subfield>
   <subfield code="a">22</subfield>
   <subfield code="a">23</subfield>
   <subfield code="a">24</subfield>
   <subfield code="a">25</subfield>
   <subfield code="a">26</subfield>
   <subfield code="b">16-05-17</subfield>
   <subfield code="c">m</subfield>
   <subfield code="d">z  </subfield>
   <subfield code="e">-</subfield>
   <subfield code="f">gre</subfield>
   <subfield code="g">gr </subfield>
   <subfield code="h">0</subfield>
  </datafield>
  <datafield tag="942" ind1=" " ind2=" ">
   <subfield code="2">ddc</subfield>
   <subfield code="c">KALLIPOS</subfield>
  </datafield>
 </record>
</collection>
